000
003270000a22001450004500
003
MACL
040
_a
MACL
090
_c
36285
_d
36283
100
_a
Kripalani, Krishna
245
_a
Rabindranath Tagore
_b
A Biography
260
_b
Oxford University Press
_c
1962
350
_a
35
650
_a
Biography
942
_c
BOOK
_k
920/KRI
999
_c
35895
_d
35895